Štíhle skladovanie v podnikateľskej jednotke

V logistickej sieti majú sklady stále dôležitú funkciu. K optimalizácii skladových procesov možno využiť prispôsobené postupy z riadenia výroby. Cieľom je zvyšovať výkon, znižovať náklady a zlepšovať kvalitu pri nízkych investíciách. Aplikáciou moderných manažérskych metód k optimalizácii skladu sa...

Descrizione completa

Salvato in:
Dettagli Bibliografici
Autore principale: Dudek, Slavomír
Natura: Capitolo di libro
Lingua:slovacco
Soggetti:
Tags: Aggiungi Tag
Nessun Tag, puoi essere il primo ad aggiungerne!!

MARC

LEADER 00000nla$a2200000$$$4500
001 0102979
005 20240502072122.8
041 0 |a slo 
044 |a SK 
245 1 0 |a Štíhle skladovanie v podnikateľskej jednotke  |c Slavomír Dudek 
520 |a V logistickej sieti majú sklady stále dôležitú funkciu. K optimalizácii skladových procesov možno využiť prispôsobené postupy z riadenia výroby. Cieľom je zvyšovať výkon, znižovať náklady a zlepšovať kvalitu pri nízkych investíciách. Aplikáciou moderných manažérskych metód k optimalizácii skladu sa označuje štíhle skladovanie (Lean Warehousing). 
610 2 0 |a skladovanie 
610 2 0 |a podnik 
610 2 0 |a podnikanie 
610 2 0 |a logistika 
610 2 0 |a znižovanie nákladov 
610 2 0 |a sklady 
610 2 0 |a tok materiálu 
100 1 |a Dudek, Slavomír